<The> Role of clusters and joint marketing alliances in facilitation of the foreign market entry (the example of Slovak wineries)

Guardado en:
Detalles Bibliográficos
Autor principal: Hlušková, Tatiana, 1987-
Otros Autores: Šášiková, Mária
Formato: Capítulo de libro
Lenguaje:inglés
Etiquetas: Agregar Etiqueta
Sin Etiquetas, Sea el primero en etiquetar este registro!

MARC

LEADER 00000naa$a2200000$$$4500
001 0213484
005 20240502083535.5
041 0 |a eng 
044 |a HR 
245 1 0 |a <The> Role of clusters and joint marketing alliances in facilitation of the foreign market entry (the example of Slovak wineries)  |c Tatiana Hlušková, Mária Šášiková 
100 1 |a Hlušková, Tatiana, 1987- 
700 1 |a Šášiková, Mária